Countries On The Equator - Statistics

General Stats
  • This quiz has been taken 109 times
  • The average score is 10 of 13
Answer Stats
Country % Correct
Brazil
95%
Indonesia
88%
Colombia
87%
Ecuador
87%
Republic of the Congo
82%
Kenya
78%
Uganda
73%
Gabon
70%
Democratic Republic of the Congo
67%
Somalia
67%
Kiribati
63%
São Tomé and Principe
63%
Maldives
58%
No matching quizzes found
Score Distribution
Percent of People with Each Score
Percentile by Number Answered
Your Score History
You have not taken this quiz